10 plus petites capitales en Europe - Statistiques

Statistiques générales
  • Ce quiz a été pris 323 fois
  • Le résultat moyen est 8 sur 10
Statistiques - réponses
Population petite capitale % Correct
826 Vatican
96%
22,884 Andorre-la-Vieille
91%
35,986 Monaco
89%
76,420 Luxembourg
88%
4,493 Saint Marin
86%
5,248 Vaduz
86%
6,444 La Valette
75%
115,000 Reykjavik
56%
141,854 Podgorica
48%
121,631 Berne
45%
Aucun quiz correspondant
Distribution des résultats
% des personnes avec chaque résultat
Percentile par nombre de réponses
Votre historique - résultats
Vous n’avez pas pris ce quiz